Sports Quiz

Random Sports or College Quiz
Score 0/20 Timer 07:00
0 Plays Today
Hint Answer % Correct
StateTexas
94.4%
Team ColorBlue
92.7%
Team ColorOrange
88.7%
Team ColorWhite
81.5%
CitySan Antonio
74.4%
No. of Men's Varsity Sports7
73.4%
No. of Women's Varsity Sports8
73.4%
NicknameRoadrunners
63.8%
Football StadiumAlamodome
41.9%
Primary RivalTexas State
37.1%
Hint Answer % Correct
ConferenceC-USA
33.8%
Famous Alum: DE ______ DavenportMarcus
24.2%
MascotRowdy
15.3%
Baseball StadiumRoadrunner Field
13.7%
Basketball ArenaConvocation Center
13%
Fight SongUTSA Fight Song
12.1%
Athletic DirectorLisa Campos
12.1%
Famous Alum: CB Teddy ________Williams
12.1%
Famous Alum: TE _____ MorganDavid
11.3%
Famous Alum: SG Devin _____Brown
10.5%
Remove Ads.
Support Sporcle.
Get the best of Sporcle when you Go Orange. This ad-free experience offers more features, more stats, and more fun while also helping to support Sporcle. Thank you for becoming a member.

You're not logged in!

Compare scores with friends on all Sporcle quizzes.
OR
Log In

Show Comments

Extras

Top Quizzes Today


Score Distribution

Your Account Isn't Verified!

In order to create a playlist on Sporcle, you need to verify the email address you used during registration. Go to your Sporcle Settings to finish the process.

Report this User

Report this user for behavior that violates our Community Guidelines.

Details: